A tax programming model (Registro nro. 26026)

Detalles MARC
000 -LEADER
fixed length control field 00316 a2200109 4500
001 - CONTROL NUMBER
control field ART_12057
005 - DATE AND TIME OF LATEST TRANSACTION
control field 20260410161902.0
008 - FIXED-LENGTH DATA ELEMENTS--GENERAL INFORMATION
fixed length control field 260409a
100 1# - MAIN ENTRY--PERSONAL NAME
Personal name Yitzhaki, Shlomo
245 10 - TITLE STATEMENT
Title A tax programming model
773 0# - HOST ITEM ENTRY
Title Journal of public economics
Related parts - Vol. 19, Nº 1 (oct. 1982)
Record control number REV11485

No hay ítems disponibles.